000 00589nam a2200229Ia 4500
003 OSt
005 20250903182656.0
008 210423s2013 xx 000 0 und d
020 _a9780198095439
040 _cAL
041 _aEnglish
082 _a330.9
_bGOVE
100 _aGovernment Of Karnataka
_995984
245 _aEconomic survey 2012-2013
260 _aOxford
_bOxford University Press
_c2013
300 _a294,127
_bPB
365 _b395
_cINR
650 _aEconomics
_995985
650 _aEconomics
_995985
906 _a2012-2013 ; Economic ; survey
942 _2ddc
_cBK
999 _c161461
_d161461